• 首页
  • 本馆介绍
  • 公告通知
  • 最新文献
  • 馆藏检索
  • 电子资源
  • 读者导购
  • 参考咨询
  • 我的图书馆
  • 登录
  • 详细信息显示
  • 放入我的书架
  • 预约/预借图书
  • 作者相关作品
  • 分类相关作品
  • 丛书相关作品
  • 出版社相关作品

书目信息

  • 表格格式
  • 工作单格式
  • 卡片格式
题名:
中医儿科学
    
 
作者: 徐荣谦 主编
分册:  
出版信息: 北京   中国中医药出版社  2010.4
页数: 396页
开本: 26cm
丛书名:
单 册:
中图分类: R272
科图分类:
主题词: 中医儿科学--中医学院--教材 , 中医儿科学
电子资源:
ISBN: 978-7-80231-818-2
000 00908nam0 2200253 45
001 1359720109
005 20130529085831.04
010    @a978-7-80231-818-2@dCNY32.00
100    @a20130513d2010 ekmy0chiy0120 ea
101 0  @achi
102    @aCN@b110000
105    @ay z 000yy
106    @ar
200 1  @a中医儿科学@AZhong Yi Er Ke Xue@f徐荣谦主编@FXu Rong Qian Zhu Bian
210    @a北京@c中国中医药出版社@d2010.4
215    @a396页@d26cm
300    @a新世纪全国高等中医药院校创新教材北京市高等教育精品教材立项项目供中医药类专业用普通高等教育“十一五”国家级规划教材
330    @a本书分为中医儿科学基础和中医儿科临床两大部分,系统地介绍了肺系病证、脾胃病证、心系病证、肝系病证等小儿临床常见病证。
606 0  @a中医儿科学@x中医学院@j教材
606 0  @a中医儿科学
690    @aR272@v5
701  0 @a徐荣谦@AXu Rong Qian@4主编
801    @aCN@bTANGWEI@c20130522
905    @b0833548-51@dR272@e308@f4
    
    中医儿科学/徐荣谦主编.-北京:中国中医药出版社,2010.4
    396页;26cm
    新世纪全国高等中医药院校创新教材北京市高等教育精品教材立项项目供中医药类专业用普通高等教育“十一五”国家级规划教材
    
    ISBN 978-7-80231-818-2:CNY32.00
    本书分为中医儿科学基础和中医儿科临床两大部分,系统地介绍了肺系病证、脾胃病证、心系病证、肝系病证等小儿临床常见病证。
●
相关链接 在E读中查询图书 在五车中查询图书 在当当中查询图书 在豆瓣中查询图书


正题名:中医儿科学     索取号:R272/308         预约/预借

序号 登录号 条形码 馆藏地/架位号 状态 备注
1 0833548   208335489   第二样本阅览室/ [索取号:R272/308] 在馆    
2 0833549   208335498   第三借阅区/ [索取号:R272/308] 在馆    
3 0833550   208335504   第三借阅区/ [索取号:R272/308] 在馆    
4 0833551   208335513   第三借阅区/ [索取号:R272/308] 在馆    
唐山师范学院图书馆 欢迎您!
大连网信软件有限公司© 版权所有